000
00303pam a2200145 a 4500
020
_c
041
_a
eng
082
_b
SRI
100
_a
Srinath L.S.
245
_a
Pert and CPM
_h
Textual Documents
250
_a
1996.
260
_a
New Delhi:
_b
East-West Press.
300
_a
202Pages.
930
_a
3530
999
_c
80450
_d
80450